000 00843cam a2200253 4500
001 ABS61599
008 000000n1999 000 0 eng u
035 _a(Sirsi) u102498
100 _aEverett, G.
245 _aService charge
260 _c1999
490 _aBuilding
_v264(8113) 19 November 1999, 87(1)
520 _aExplains the situation with regard to new regulations which will affect those providing services through a service company. Examines who the new legislation will affect, and how it will affect them.
590 _aABS
650 _aPROFESSIONAL SERVICES
650 _aREGULATIONS
650 _aNATIONAL INSURANCE
650 _aPAYE
650 _aTAX ISSUES
650 _aCONSULTANTS
650 _aPERSONAL SERVICE COMPANIES
690 _aMANAGEMENT-BUSINESS MANAGEMENT-PROFESSIONAL PRACTICE
942 _n0
999 _c61510
_d61510